[Event "Madrid-ch Previa B"]
[Site "Madrid ESP"]
[Date "2016.02.26"]
[Round "8.3"]
[White "Serrano Garcia, Vicente"]
[Black "Yeves Miquel, Enrique"]
[Result "0-1"]
[WhiteElo "1826"]
[BlackElo "1836"]
[PlyCount "72"]
[EventDate "2016.02.04"]
[EventType "swiss"]
[EventRounds "9"]
[EventCountry "ESP"]
[Source "lmi"]
[SourceDate "2016.02.04"]

1. d4 Nf6 2. Nf3 e6 3. Bg5 c5 4. e3 cxd4 5. exd4 b6 6. Bd3 Bb7 7. O-O Be7 8.
Re1 O-O 9. c4 d5 10. Nc3 dxc4 11. Bxc4 Nc6 12. Qe2 h6 13. d5 Nxd5 14. Bxe7
Ncxe7 15. Rad1 Qc8 16. Rd4 Nxc3 17. bxc3 Nd5 18. Qe5 Nf6 19. Qg3 b5 20. Bxb5
Qxc3 21. Rc4 Qa5 22. Bc6 Rac8 23. Ra4 Qb6 24. Bxb7 Qxb7 25. Ne5 Qc7 26. Qe3 Nd5
27. Qa3 Ra8 28. Rc4 Qe7 29. Qa5 Rfc8 30. Rec1 Rxc4 31. Rxc4 Qf6 32. Qe1 Qg5 33.
h3 h5 34. Qe4 Rd8 35. f4 Qg3 36. Nc6 Nc3 0-1

[Event "Madrid-ch Previa B"]
[Site "Madrid ESP"]
[Date "2016.02.26"]
[Round "8.4"]
[White "Leniz Martinez, Francisco"]
[Black "Camarero Izquierdo, Juan Carlos"]
[Result "1/2-1/2"]
[WhiteElo "1690"]
[BlackElo "1833"]
[PlyCount "117"]
[EventDate "2016.02.04"]
[EventType "swiss"]
[EventRounds "9"]
[EventCountry "ESP"]
[Source "lmi"]
[SourceDate "2016.02.04"]

1. e4 c5 2. c3 e6 3. d4 Nf6 4. e5 Nd5 5. Nf3 cxd4 6. cxd4 Nc6 7. Be2 d6 8. O-O
Qc7 9. Bb5 a6 10. Bxc6+ Qxc6 11. a3 b5 12. Bd2 Bb7 13. Nc3 dxe5 14. Nxd5 Qxd5
15. dxe5 Rd8 16. Qe2 Qb3 17. Bc3 Be7 18. Rfd1 O-O 19. h3 b4 20. axb4 Bxb4 21.
Bxb4 Qxb4 22. Rxd8 Rxd8 23. Rd1 Rxd1+ 24. Qxd1 Bd5 25. Qd4 Qb7 26. Ne1 h6 27.
f3 Qb5 28. Kf2 a5 29. Nc2 a4 30. Ne3 Bb7 31. f4 Ba6 32. Qd2 Bb7 33. Qd4 Qb3 34.
Qd8+ Kh7 35. Qd4 Qa2 36. Qc3 Qa1 37. Qc2+ Kg8 38. Qc3 Be4 39. Qd2 Kh7 40. Nd1
a3 41. bxa3 Qxa3 42. Ne3 Qe7 43. Qd4 Bb1 44. Qb2 Bg6 45. Qd4 Qh4+ 46. Kf1 Qg3
47. Kg1 Bh5 48. Nf1 Qe1 49. Qf2 Qa1 50. Kh2 g5 51. Ng3 Bg6 52. Qe3 f6 53. exf6
Qxf6 54. fxg5 hxg5 55. Qa7+ Kh6 56. Qe3 e5 57. h4 Qf4 58. hxg5+ Kxg5 59. Qxf4+
1/2-1/2

[Event "Madrid-ch Previa B"]
[Site "Madrid ESP"]
[Date "2016.02.26"]
[Round "8.5"]
[White "Perea Blanco, David"]
[Black "Cruz Gonzalez, Antonio"]
[Result "1-0"]
[WhiteElo "1884"]
[BlackElo "1709"]
[PlyCount "117"]
[EventDate "2016.02.04"]
[EventType "swiss"]
[EventRounds "9"]
[EventCountry "ESP"]
[Source "lmi"]
[SourceDate "2016.02.04"]

1. d4 d5 2. Nf3 Nf6 3. g3 c5 4. c3 Nc6 5. Bg2 e6 6. O-O Be7 7. Ne5 cxd4 8. cxd4
O-O 9. Nc3 Bd6 10. f4 Qb6 11. e3 Nd7 12. h4 f6 13. Nxd5 Qd8 14. Nxc6 bxc6 15.
Nc3 Bb7 16. Qb3 Qc7 17. Qxe6+ Kh8 18. Ne4 Bb4 19. a3 Rae8 20. Qc4 Ba5 21. Nc5
Nb6 22. Qa2 Nd5 23. e4 Nc3 24. Qc4 Nb5 25. Be3 Nd6 26. Qc2 Bb6 27. e5 Bxc5 28.
Qxc5 Nf5 29. Bf2 fxe5 30. dxe5 Ba8 31. Rac1 Ne7 32. Qxa7 Qc8 33. Bc5 Rf7 34.
Bxe7 Rfxe7 35. Qc5 Qg4 36. Rfd1 Rb7 37. Qf2 Rb3 38. Kh2 h5 39. Rd6 Reb8 40. Rc2
c5 41. Bxa8 Rxa8 42. Rxc5 Rab8 43. Rcd5 Kh7 44. Rd2 Rf3 45. Qg1 Rbb3 46. Qb1+
g6 47. Rxg6 Qxg6 48. Rd7+ Kh6 49. Rd6 Rxg3 50. Rxg6+ Rxg6 51. f5 Rg4 52. Qc1+
Kh7 53. Qc7+ Rg7 54. Qc2 Rbg3 55. f6+ R7g6 56. e6 R3g4 57. Qf2 Kg8 58. f7+ Kh7
59. f8=N+ 1-0

[Event "Madrid-ch Previa B"]
[Site "Madrid ESP"]
[Date "2016.02.26"]
[Round "8.6"]
[White "Morera Rodriguez, Ignacio"]
[Black "Sotoca Aguado, Jose"]
[Result "1-0"]
[WhiteElo "1895"]
[BlackElo "1928"]
[PlyCount "137"]
[EventDate "2016.02.04"]
[EventType "swiss"]
[EventRounds "9"]
[EventCountry "ESP"]
[Source "lmi"]
[SourceDate "2016.02.04"]

1. d4 Nf6 2. Nf3 e6 3. g3 b6 4. Bg2 Bb7 5. O-O Be7 6. c4 O-O 7. Nc3 d5 8. Ne5
Ne4 9. Qc2 f6 10. Nd3 Nxc3 11. bxc3 Bd6 12. cxd5 exd5 13. c4 c6 14. cxd5 cxd5
15. Qb3 Nc6 16. Qxd5+ Kh8 17. Qh5 Qe7 18. e3 Rac8 19. d5 Na5 20. Nf4 Kg8 21.
Ne6 g6 22. Qe2 Rfe8 23. e4 Nc4 24. Be3 Ba6 25. Bd4 Qb7 26. Qf3 Be5 27. Rfd1 Qe7
28. Bxe5 Nxe5 29. Qe3 Rc2 30. Qb3 Rec8 31. d6 Qf7 32. Nd4 R2c3 33. Qa4 Qb7 34.
Bh3 Rd8 35. Be6+ Kh8 36. Qb4 Rc5 37. Nb3 Rb5 38. Qa4 Nf3+ 39. Kg2 Ng5 40. Qd4
Qxe4+ 41. Qxe4 Nxe4 42. Bc4 Rxd6 43. Rxd6 Nxd6 44. Bxb5 Bxb5 45. Rc1 Nc4 46.
Nd4 Ba6 47. Ne6 Kg8 48. Nd8 b5 49. Rd1 Bc8 50. Nc6 Be6 51. Nxa7 Ne5 52. a3 Bc4
53. Nc8 Kf7 54. Nd6+ Ke6 55. Nxc4 Nxc4 56. Rd3 Ke5 57. f3 f5 58. Kf1 g5 59. Ke2
h5 60. Rb3 Nd6 61. Kd3 Kd5 62. Rb1 f4 63. gxf4 gxf4 64. Kc3 Kc5 65. Rb4 Nf5 66.
Rxf4 Ne3 67. Rh4 Nd1+ 68. Kb3 Ne3 69. Rxh5+ 1-0

[Event "Madrid-ch Previa B"]
[Site "Madrid ESP"]
[Date "2016.02.26"]
[Round "8.7"]
[White "Tronch Ilzarbe, Carlos Maria"]
[Black "Sirera Ripoll, Jose Luis"]
[Result "0-1"]
[WhiteElo "1744"]
[BlackElo "1807"]
[PlyCount "126"]
[EventDate "2016.02.04"]
[EventType "swiss"]
[EventRounds "9"]
[EventCountry "ESP"]
[Source "lmi"]
[SourceDate "2016.02.04"]

1. e4 c5 2. Nf3 d6 3. Bb5+ Bd7 4. Bxd7+ Qxd7 5. O-O Nf6 6. Re1 Nc6 7. c3 e6 8.
d4 cxd4 9. cxd4 d5 10. e5 Ne4 11. a3 Be7 12. Nbd2 Nxd2 13. Bxd2 O-O 14. Re3
Rfc8 15. Bc3 b5 16. h4 a5 17. Ng5 Bxg5 18. hxg5 Qe7 19. Qh5 g6 20. Qh4 Qf8 21.
Rh3 Qg7 22. Bd2 b4 23. axb4 axb4 24. Rxa8 Rxa8 25. Rb3 Rb8 26. Kf1 Qf8 27. Rh3
Qg7 28. Rb3 Ra8 29. Kg1 Ra1+ 30. Kh2 Rd1 31. Be3 Qf8 32. Qg4 Ra1 33. Bd2 Ra4
34. Qd1 Nxd4 35. Rd3 b3 36. Be3 Nc2 37. Rxb3 Nxe3 38. fxe3 Re4 39. Qf3 Rxe5 40.
Qg3 f6 41. gxf6 Qxf6 42. Rb8+ Kg7 43. Rb7+ Kh6 44. Kg1 Qg5 45. Qh3+ Qh5 46.
Qxh5+ Rxh5 47. Rb4 Re5 48. Kf2 Kg5 49. Rf4 Kh6 50. b4 g5 51. Rd4 Rf5+ 52. Kg3
Rf7 53. b5 Rb7 54. Rb4 Rb6 55. Kf3 Kg6 56. e4 h5 57. exd5 exd5 58. Ke3 Kf5 59.
Kd4 Ke6 60. Kc5 Rb8 61. Rd4 Rc8+ 62. Kb6 Ke5 63. Kb7 Kxd4 0-1

[Event "Madrid-ch Previa B"]
[Site "Madrid ESP"]
[Date "2016.02.26"]
[Round "8.8"]
[White "Barragan Arriaza, Pablo"]
[Black "Fernandez Estremera, Fernando"]
[Result "1/2-1/2"]
[WhiteElo "1616"]
[BlackElo "1589"]
[PlyCount "76"]
[EventDate "2016.02.04"]
[EventType "swiss"]
[EventRounds "9"]
[EventCountry "ESP"]
[Source "lmi"]
[SourceDate "2016.02.04"]

1. c4 Nf6 2. g3 e6 3. Nf3 d5 4. b3 Be7 5. Bg2 b6 6. O-O Bb7 7. Bb2 O-O 8. e3 c5
9. Qe2 Nbd7 10. Nc3 a6 11. Rfd1 Rc8 12. Rac1 Qc7 13. cxd5 exd5 14. d4 Qb8 15.
dxc5 bxc5 16. Ba1 Nb6 17. Qb2 Rfd8 18. Rd2 h6 19. Rcd1 Bf8 20. Ne1 Ne4 21. Nxe4
dxe4 22. Bh3 Rxd2 23. Qxd2 Rc6 24. Qd8 Qxd8 25. Rxd8 Bc8 26. Bxc8 Rxc8 27. Rxc8
Nxc8 28. Bc3 f5 29. Nc2 Nb6 30. Na3 Nd5 31. Bd2 Nb4 32. Bxb4 cxb4 33. Nc4 g5
34. Kg2 Kg7 35. Kf1 Kf6 36. Ke2 Ke6 37. Kf1 Kf6 38. Ke2 Ke6 1/2-1/2

[Event "Madrid-ch Previa B"]
[Site "Madrid ESP"]
[Date "2016.02.26"]
[Round "8.9"]
[White "Garcia Serrano, Jose M"]
[Black "Alameda Arellano, Cristeto"]
[Result "1-0"]
[WhiteElo "1917"]
[BlackElo "1520"]
[PlyCount "59"]
[EventDate "2016.02.04"]
[EventType "swiss"]
[EventRounds "9"]
[EventCountry "ESP"]
[Source "lmi"]
[SourceDate "2016.02.04"]

1. e4 c5 2. d4 cxd4 3. c3 dxc3 4. Nxc3 Nc6 5. Nf3 d6 6. Bc4 e6 7. O-O Nf6 8.
Qe2 e5 9. Ng5 Be6 10. Bxe6 fxe6 11. Nxe6 Qd7 12. Nb5 Rc8 13. Nxf8 Rxf8 14. Rd1
Nd4 15. Nxd4 exd4 16. h3 Kf7 17. Bg5 Kg8 18. Bxf6 Rxf6 19. Rxd4 Qc7 20. Rad1
Re8 21. Qc4+ Qxc4 22. Rxc4 Re7 23. f3 Kf7 24. Kf2 b5 25. Rcd4 Ree6 26. Ke3 Ke7
27. Rd5 a6 28. R1d3 Rf8 29. Ra3 Ra8 30. Rxb5 1-0

[Event "Madrid-ch Previa B"]
[Site "Madrid ESP"]
[Date "2016.02.26"]
[Round "8.10"]
[White "Caravantes Camacho, Fernando"]
[Black "Tapia Sanchez, Jose Manuel"]
[Result "0-1"]
[WhiteElo "1634"]
[BlackElo "1699"]
[PlyCount "68"]
[EventDate "2016.02.04"]
[EventType "swiss"]
[EventRounds "9"]
[EventCountry "ESP"]
[Source "lmi"]
[SourceDate "2016.02.04"]

1. e4 e5 2. Nf3 Nc6 3. Bc4 Bc5 4. O-O Nf6 5. c3 Nxe4 6. d4 d5 7. Bb5 exd4 8.
cxd4 Bb6 9. Ne5 O-O 10. Nxc6 bxc6 11. Bxc6 Rb8 12. Nc3 Nxc3 13. bxc3 Qd6 14.
Qa4 Rd8 15. Ba3 Qg6 16. Bxd5 Bd7 17. Qc4 c6 18. Bf3 Be6 19. Qe2 Re8 20. Bxc6
Bd7 21. Qd2 Bxc6 22. d5 Bb5 23. Rfe1 Rxe1+ 24. Rxe1 Re8 25. Rxe8+ Bxe8 26. Qb2
Qd3 27. Qc1 Qxd5 28. c4 Qc6 29. c5 Bc7 30. Qe1 Qe6 31. Qc1 Bc6 32. f3 Qe2 33.
Bb2 Bf4 34. Qc3 Be3+ 0-1

[Event "Madrid-ch Previa B"]
[Site "Madrid ESP"]
[Date "2016.02.26"]
[Round "8.11"]
[White "Barragan Panal, Juan Jose"]
[Black "Garcia Pardo, Maria del Carmen"]
[Result "1-0"]
[WhiteElo "1681"]
[BlackElo "1429"]
[PlyCount "135"]
[EventDate "2016.02.04"]
[EventType "swiss"]
[EventRounds "9"]
[EventCountry "ESP"]
[Source "lmi"]
[SourceDate "2016.02.04"]

1. Nf3 Nf6 2. c4 e6 3. g3 b6 4. Bg2 Bb7 5. O-O Be7 6. b3 O-O 7. Bb2 c5 8. d4 d5
9. Nbd2 Nc6 10. Re1 Qc7 11. cxd5 exd5 12. a3 Rfe8 13. Rc1 Qd6 14. dxc5 bxc5 15.
e4 dxe4 16. Nxe4 Qxd1 17. Rcxd1 Nxe4 18. Rxe4 Bf8 19. Rde1 Rxe4 20. Rxe4 Nd4
21. Re3 Nxf3+ 22. Bxf3 Bxf3 23. Rxf3 Rd8 24. Be5 f6 25. Bf4 Rd1+ 26. Kg2 Bd6
27. Bxd6 Rxd6 28. Rc3 Ra6 29. a4 Rc6 30. b4 c4 31. Kf3 Kf7 32. Ke4 Re6+ 33. Kd4
Re2 34. Kxc4 Rxf2 35. h4 Re2 36. Kb5 Re5+ 37. Rc5 Re7 38. Ka6 Kg6 39. Rb5 f5
40. Rb7 Re3 41. Kxa7 Rxg3 42. Rc7 f4 43. Rc4 Kf5 44. b5 f3 45. Rc1 Ke4 46. b6
f2 47. Rf1 Ra3 48. Rxf2 Rxa4+ 49. Kb8 Kd5 50. Rc2 Kd6 51. b7 Kd7 52. Rc7+ Kd8
53. Rxg7 Rxh4 54. Ka7 Ra4+ 55. Kb6 Rb4+ 56. Kc6 Rb1 57. Rg8+ Ke7 58. b8=Q Rxb8
59. Rxb8 Kf6 60. Kd5 Kg5 61. Ke4 Kg4 62. Rg8+ Kh4 63. Kf3 Kh5 64. Kg3 h6 65.
Ra8 Kg5 66. Ra5+ Kg6 67. Kg4 Kg7 68. Kh5 1-0

[Event "Madrid-ch Previa B"]
[Site "Madrid ESP"]
[Date "2016.02.26"]
[Round "8.13"]
[White "Alvear Zapata, Juan Pablo"]
[Black "Raya Rodriguez, Juan"]
[Result "0-1"]
[WhiteElo "1447"]
[BlackElo "1652"]
[PlyCount "54"]
[EventDate "2016.02.04"]
[EventType "swiss"]
[EventRounds "9"]
[EventCountry "ESP"]
[Source "lmi"]
[SourceDate "2016.02.04"]

1. f4 d5 2. Nf3 c5 3. e3 Nf6 4. b3 g6 5. Bb2 Bg7 6. Be2 O-O 7. O-O Nc6 8. Na3
Re8 9. c4 d4 10. exd4 cxd4 11. d3 Ng4 12. Nc2 e5 13. h3 Ne3 14. Nxe3 dxe3 15.
Ng5 exf4 16. Nxf7 Kxf7 17. Rxf4+ Kg8 18. Bxg7 Kxg7 19. d4 Qg5 20. Qf1 Bxh3 21.
Rf7+ Kg8 22. Rxb7 Rf8 23. Bf3 Nxd4 24. Bd5+ Be6 25. Bxe6+ Nxe6 26. Qd3 Nf4 27.
Qe4 Ne2+ 0-1

[Event "Madrid-ch Previa B"]
[Site "Madrid ESP"]
[Date "2016.02.27"]
[Round "9.1"]
[White "Molina Garcia, Francisco J"]
[Black "Morera Rodriguez, Ignacio"]
[Result "1-0"]
[WhiteElo "1876"]
[BlackElo "1895"]
[PlyCount "77"]
[EventDate "2016.02.04"]
[EventType "swiss"]
[EventRounds "9"]
[EventCountry "ESP"]
[Source "lmi"]
[SourceDate "2016.02.04"]

1. d4 Nf6 2. c4 g6 3. Nc3 d5 4. Nf3 Bg7 5. Bf4 O-O 6. e3 c5 7. dxc5 Qa5 8. Rc1
dxc4 9. Bxc4 Qxc5 10. Bb3 Nc6 11. O-O Bg4 12. Nd5 Qa5 13. Bc7 Qa6 14. Bc4 b5
15. Nxf6+ Bxf6 16. Bd5 Bd7 17. Be4 Be8 18. Nd4 Bxd4 19. exd4 Rc8 20. Bf4 Bd7
21. d5 Na5 22. Qd4 Rc4 23. Rxc4 Nxc4 24. Bh6 f6 25. Bxf8 Kxf8 26. b3 Nd6 27.
Bb1 Qa3 28. Qc3 Ne8 29. h4 Qd6 30. h5 gxh5 31. Bxh7 Qxd5 32. Qe3 Bc6 33. f3 f5
34. Qh6+ Ng7 35. Bg6 Qd4+ 36. Rf2 e6 37. Bxh5 Qh4 38. Qh8+ Ke7 39. Qxg7+ 1-0

[Event "Madrid-ch Previa B"]
[Site "Madrid ESP"]
[Date "2016.02.27"]
[Round "9.2"]
[White "Camarero Izquierdo, Juan Carlos"]
[Black "Ocaña Lameiro, Oliver"]
[Result "0-1"]
[WhiteElo "1833"]
[BlackElo "1932"]
[PlyCount "96"]
[EventDate "2016.02.04"]
[EventType "swiss"]
[EventRounds "9"]
[EventCountry "ESP"]
[Source "lmi"]
[SourceDate "2016.02.04"]

1. d4 d5 2. Nc3 Nf6 3. Bg5 c5 4. Nf3 cxd4 5. Nxd4 e5 6. Bxf6 gxf6 7. Nf3 d4 8.
Ne4 Qb6 9. Rb1 f5 10. Ned2 Nc6 11. a3 e4 12. Ng5 h6 13. Nh3 Be6 14. g3 Ba2 15.
Ra1 Qxb2 16. Bg2 Bxa3 17. O-O Nb4 18. Nxe4 fxe4 19. Bxe4 O-O-O 20. Qd2 Qc3 21.
Qf4 Qc7 22. Qf3 Bb2 23. Rad1 Bd5 24. Bxd5 Nxd5 25. e3 Qd7 26. Nf4 Nxf4 27. Qxf4
h5 28. exd4 h4 29. g4 h3 30. d5 Rhg8 31. f3 f5 32. g5 Bf6 33. Qc4+ Qc7 34.
Qxc7+ Kxc7 35. f4 Be7 36. Rf3 Rh8 37. Rdd3 Bd6 38. c4 Rh4 39. Rxh3 Rxf4 40.
Rh7+ Rd7 41. Rxd7+ Kxd7 42. h3 Ke7 43. Rc3 b6 44. Kg2 Kf7 45. Re3 Re4 46. Kf3
Rxe3+ 47. Kxe3 Kg6 48. h4 a5 0-1

[Event "Madrid-ch Previa B"]
[Site "Madrid ESP"]
[Date "2016.02.27"]
[Round "9.3"]
[White "Yeves Miquel, Enrique"]
[Black "Leniz Martinez, Francisco"]
[Result "1/2-1/2"]
[WhiteElo "1836"]
[BlackElo "1690"]
[PlyCount "24"]
[EventDate "2016.02.04"]
[EventType "swiss"]
[EventRounds "9"]
[EventCountry "ESP"]
[Source "lmi"]
[SourceDate "2016.02.04"]

1. d4 Nf6 2. c4 e6 3. Nc3 Bb4 4. Qc2 O-O 5. a3 Bxc3+ 6. Qxc3 b6 7. Bg5 Bb7 8.
f3 h6 9. Bh4 d5 10. e3 Nbd7 11. Bd3 c5 12. cxd5 exd5 1/2-1/2

[Event "Madrid-ch Previa B"]
[Site "Madrid ESP"]
[Date "2016.02.27"]
[Round "9.4"]
[White "Sirera Ripoll, Jose Luis"]
[Black "Perea Blanco, David"]
[Result "0-1"]
[WhiteElo "1807"]
[BlackElo "1884"]
[PlyCount "168"]
[EventDate "2016.02.04"]
[EventType "swiss"]
[EventRounds "9"]
[EventCountry "ESP"]
[Source "lmi"]
[SourceDate "2016.02.04"]

1. e4 e5 2. Nf3 Nc6 3. Bb5 a6 4. Bxc6 dxc6 5. O-O Qd6 6. d4 f6 7. dxe5 fxe5 8.
h3 Be6 9. Nc3 O-O-O 10. b3 Qb4 11. Qe1 Qa5 12. Bb2 Nf6 13. Ng5 Bg8 14. Rd1 Bd6
15. a3 c5 16. Nd5 Qb5 17. a4 Qe8 18. Qe3 a5 19. Ba3 Qc6 20. c4 b6 21. Bb2 Qe8
22. Nf3 Be6 23. Rfe1 Qh5 24. Qg5 Qxg5 25. Nxg5 Rhe8 26. Nxe6 Rxe6 27. Bc3 g5
28. Rd3 Nh5 29. g3 Rf8 30. Kg2 Kb7 31. Red1 Rf7 32. Ne3 Nf6 33. f3 h5 34. Nf5
Kc6 35. Bd2 g4 36. hxg4 hxg4 37. Rh1 gxf3+ 38. Kxf3 Nh7 39. Rh6 Rxf5+ 40. exf5
e4+ 41. Kg2 Rxh6 42. Bxh6 exd3 43. g4 Be5 44. Bd2 Bf6 45. Kf3 Ng5+ 46. Ke3 Nf7
47. Ke4 Kd6 48. Bf4+ Ke7 49. Kxd3 Ne5+ 50. Ke4 Nxg4 51. Bxc7 Bc3 52. Bxb6 Nf6+
53. Kd3 Bb4 54. Bc7 Ne8 55. Be5 Nd6 56. f6+ Ke6 57. f7 Nxf7 58. Bg7 Kf5 59. Ba1
Nd6 60. Bg7 Kf4 61. Bh6+ Kf3 62. Bg7 Ne4 63. Bh6 Nf2+ 64. Kc2 Ke4 65. Bf8 Ke3
66. Bh6+ Ke2 67. Bg7 Nd1 68. Bf6 Ne3+ 69. Kb1 Kd3 70. Bg7 Nc2 71. Kb2 Nd4 72.
Bf8 Ne6 73. Be7 Bc3+ 74. Ka2 Kc2 75. Bd6 Bb4 76. Be7 Nd4 77. Bf6 Nxb3 78. Bg7
Nc1+ 79. Ka1 Kb3 80. Kb1 Nd3 81. Bh6 Ba3 82. Bd2 Nb4 83. Be3 Na2 84. Bh6 Nc3+
0-1

[Event "Madrid-ch Previa B"]
[Site "Madrid ESP"]
[Date "2016.02.27"]
[Round "9.5"]
[White "Cuellar Gutierrez, Raul"]
[Black "San Vicente Cosculluela, Jose Luis"]
[Result "0-1"]
[WhiteElo "1797"]
[BlackElo "1812"]
[PlyCount "104"]
[EventDate "2016.02.04"]
[EventType "swiss"]
[EventRounds "9"]
[EventCountry "ESP"]
[Source "lmi"]
[SourceDate "2016.02.04"]

1. e4 c5 2. Nf3 Nc6 3. d4 cxd4 4. Nxd4 g6 5. Nc3 Bg7 6. Be3 Nf6 7. Qd2 Ng4 8.
Nxc6 bxc6 9. Be2 Nxe3 10. Qxe3 O-O 11. O-O Qb6 12. Qc1 Rb8 13. Rb1 d6 14. Na4
Qd4 15. b3 Bd7 16. Bf3 c5 17. Rd1 Qb4 18. Nb2 Bb5 19. Nd3 Bxd3 20. Rxd3 Rfc8
21. c4 Qa5 22. Qc2 Rb4 23. g3 Qa3 24. Rf1 Rcb8 25. Bd1 Bb2 26. Rd2 Bd4 27. Qd3
a5 28. Qe2 Bc3 29. Rc2 Bd4 30. h4 a4 31. Rd2 axb3 32. axb3 Ra8 33. Kg2 Rb7 34.
Qf3 Qb4 35. Rd3 Ra2 36. h5 Rba7 37. hxg6 hxg6 38. Qg4 Rd2 39. Rxd2 Qxd2 40. Qe2
Ra2 41. Qxd2 Rxd2 42. Bg4 Rb2 43. Bd1 Kg7 44. g4 Rd2 45. Bf3 Kf6 46. Kg3 Kg5
47. Bg2 Rd3+ 48. f3 Rxb3 49. Rd1 Be5+ 50. Kf2 Kf4 51. Rc1 Rb2+ 52. Kf1 Kg3 0-1

[Event "Madrid-ch Previa B"]
[Site "Madrid ESP"]
[Date "2016.02.27"]
[Round "9.6"]
[White "Cruz Gonzalez, Antonio"]
[Black "Serrano Garcia, Vicente"]
[Result "1-0"]
[WhiteElo "1709"]
[BlackElo "1826"]
[PlyCount "73"]
[EventDate "2016.02.04"]
[EventType "swiss"]
[EventRounds "9"]
[EventCountry "ESP"]
[Source "lmi"]
[SourceDate "2016.02.04"]

1. e4 e6 2. d4 d5 3. Nc3 Bb4 4. Nge2 dxe4 5. a3 Bxc3+ 6. Nxc3 Nf6 7. Bg5 h6 8.
Bxf6 Qxf6 9. Nxe4 Qh4 10. Qd3 O-O 11. O-O-O b6 12. g3 Qe7 13. Bg2 Ba6 14. Qc3
c6 15. f4 Bb7 16. Nf2 Na6 17. Rhe1 c5 18. Bxb7 Qxb7 19. Re5 cxd4 20. Rxd4 Rac8
21. Qd2 Nc5 22. Kb1 a5 23. Ne4 Nxe4 24. Rdxe4 Rfd8 25. Qe2 Rd6 26. f5 Rcd8 27.
fxe6 Rd1+ 28. Ka2 fxe6 29. Rxe6 Qf7 30. Rf4 Qd7 31. Rxb6 Rd2 32. Qc4+ Kh8 33.
h4 Rc8 34. Qa6 Rdxc2 35. Qxa5 Rc1 36. Qb4 Qd1 37. Rf8+ 1-0

[Event "Madrid-ch Previa B"]
[Site "Madrid ESP"]
[Date "2016.02.27"]
[Round "9.7"]
[White "Sotoca Aguado, Jose"]
[Black "Garcia Serrano, Jose M"]
[Result "1-0"]
[WhiteElo "1928"]
[BlackElo "1917"]
[PlyCount "83"]
[EventDate "2016.02.04"]
[EventType "swiss"]
[EventRounds "9"]
[EventCountry "ESP"]
[Source "lmi"]
[SourceDate "2016.02.04"]

1. d4 d5 2. c4 Nc6 3. e3 e5 4. dxe5 d4 5. exd4 Qxd4 6. Qxd4 Nxd4 7. Bd3 Bg4 8.
f3 Bh5 9. Nc3 O-O-O 10. Be4 Bg6 11. Rb1 f5 12. exf6 Nxf6 13. Bxg6 hxg6 14. Kf2
Nf5 15. g3 Bc5+ 16. Kg2 Rd3 17. Nge2 Re8 18. Nf4 Rd4 19. b4 Rxc4 20. bxc5 Rxc3
21. Rf1 g5 22. Nh3 Nd5 23. Rf2 g4 24. Nf4 Nde3+ 25. Kg1 Rd8 26. Bb2 Rxc5 27.
fxg4 Nxg4 28. Re2 Rc6 29. Rbe1 Nd4 30. Bxd4 Rxd4 31. Re8+ Rd8 32. R8e7 Rc2 33.
R7e2 Rdd2 34. Re8+ Kd7 35. R8e7+ Kc6 36. Ne2 g5 37. h3 Nf6 38. h4 gxh4 39. gxh4
Kd6 40. Re3 Nd5 41. Re4 Nc3 42. Rd4+ 1-0

[Event "Madrid-ch Previa B"]
[Site "Madrid ESP"]
[Date "2016.02.27"]
[Round "9.8"]
[White "Tapia Sanchez, Jose Manuel"]
[Black "Barragan Arriaza, Pablo"]
[Result "0-1"]
[WhiteElo "1699"]
[BlackElo "1616"]
[PlyCount "110"]
[EventDate "2016.02.04"]
[EventType "swiss"]
[EventRounds "9"]
[EventCountry "ESP"]
[Source "lmi"]
[SourceDate "2016.02.04"]

1. c4 e5 2. Nc3 d6 3. g3 Nc6 4. Nf3 g6 5. d3 Bg7 6. Bg2 f5 7. Bg5 Nge7 8. h4 h6
9. Bd2 O-O 10. Qc1 Kh7 11. a3 Bd7 12. Rb1 Rb8 13. b4 Nd4 14. Nxd4 exd4 15. Nd1
Bc6 16. O-O Bxg2 17. Kxg2 Re8 18. e3 dxe3 19. Bxe3 Nc6 20. Qd2 Nd4 21. Nc3 c6
22. Ne2 Nxe2 23. Qxe2 f4 24. gxf4 Qxh4 25. Rh1 Qxf4 26. Bxf4 Rxe2 27. Rb3 Rd8
28. Be3 b6 29. Rh4 Re8 30. Bd4 Bxd4 31. Rxd4 Rf8 32. Rxd6 Rexf2+ 33. Kg1 R8f6
34. Rxf6 Rxf6 35. d4 Rd6 36. d5 cxd5 37. c5 Rc6 38. Re3 Rc7 39. cxb6 axb6 40.
Re6 Ra7 41. Rd6 Rxa3 42. Rxd5 Rb3 43. Rb5 h5 44. Rxb6 Kh6 45. Rb8 Kg5 46. b5
Kg4 47. b6 g5 48. b7 Rb2 49. Kf1 h4 50. Rc8 Rxb7 51. Rc4+ Kh5 52. Kg2 Rb5 53.
Kh3 g4+ 54. Kg2 Rb2+ 55. Kg1 h3 0-1

[Event "Madrid-ch Previa B"]
[Site "Madrid ESP"]
[Date "2016.02.27"]
[Round "9.9"]
[White "Fernandez Estremera, Fernando"]
[Black "Tronch Ilzarbe, Carlos Maria"]
[Result "1/2-1/2"]
[WhiteElo "1589"]
[BlackElo "1744"]
[PlyCount "125"]
[EventDate "2016.02.04"]
[EventType "swiss"]
[EventRounds "9"]
[EventCountry "ESP"]
[Source "lmi"]
[SourceDate "2016.02.04"]

1. d4 Nf6 2. c4 e6 3. Nc3 Bb4 4. Qc2 O-O 5. e3 d5 6. Bd2 Bxc3 7. bxc3 b6 8.
cxd5 exd5 9. Nf3 c5 10. Rb1 Qc7 11. Bd3 g6 12. Qb2 Ba6 13. Bxa6 Nxa6 14. Qb5
Qc8 15. Ne5 Ne4 16. Qd7 Qxd7 17. Nxd7 Rfd8 18. Ne5 f6 19. Nd3 Rab8 20. a4 Nc7
21. f3 Nd6 22. Ke2 Ne6 23. Rhd1 Re8 24. Kf2 Rb7 25. Rb2 Nc4 26. Rbb1 Reb8 27.
Nb2 b5 28. Nxc4 bxc4 29. Rxb7 Rxb7 30. Ke1 f5 31. Ra1 Kf7 32. Kd1 Kf6 33. Kc2
Rb3 34. Rb1 Ra3 35. Rb7 Rxa4 36. Rxh7 Ra2+ 37. Kd1 cxd4 38. exd4 Nf8 39. Rb7
Ke6 40. Rc7 Ra6 41. Rg7 Kf6 42. Rb7 Ne6 43. Rd7 Ra5 44. h4 f4 45. Ke2 Nf8 46.
Rd6+ Kf5 47. Bxf4 Kxf4 48. Rf6+ Kg3 49. Rxf8 Kxh4 50. Ke3 Ra3 51. Kf4 g5+ 52.
Ke5 Rxc3 53. Kxd5 Rc2 54. Rh8+ Kg3 55. Rg8 Kf4 56. g3+ Kxf3 57. Rxg5 c3 58. Kc4
Rc1 59. Kb3 c2 60. Rc5 Rd1 61. Kxc2 Rxd4 62. Ra5 Kxg3 63. Rxa7 1/2-1/2

[Event "Madrid-ch Previa B"]
[Site "Madrid ESP"]
[Date "2016.02.27"]
[Round "9.10"]
[White "Raya Rodriguez, Juan"]
[Black "Barragan Panal, Juan Jose"]
[Result "1/2-1/2"]
[WhiteElo "1652"]
[BlackElo "1681"]
[PlyCount "46"]
[EventDate "2016.02.04"]
[EventType "swiss"]
[EventRounds "9"]
[EventCountry "ESP"]
[Source "lmi"]
[SourceDate "2016.02.04"]

1. d4 Nf6 2. c4 e6 3. g3 Be7 4. Nf3 b6 5. Bg2 Bb7 6. O-O O-O 7. Nbd2 d6 8. Qc2
Nbd7 9. e4 e5 10. dxe5 dxe5 11. Rd1 Bd6 12. Ne1 a5 13. Nf1 Nc5 14. f3 Qe7 15.
Ne3 g6 16. b3 Rad8 17. Bb2 c6 18. Bh3 Bc7 19. a4 Rxd1 20. Rxd1 Rd8 21. Ba3 Rxd1
22. Qxd1 Bd6 23. Bb2 Bc7 1/2-1/2

[Event "Madrid-ch Previa B"]
[Site "Madrid ESP"]
[Date "2016.02.27"]
[Round "9.11"]
[White "Alameda Arellano, Cristeto"]
[Black "Ruiz Bazaga, Miriam"]
[Result "1-0"]
[WhiteElo "1520"]
[BlackElo "1590"]
[PlyCount "85"]
[EventDate "2016.02.04"]
[EventType "swiss"]
[EventRounds "9"]
[EventCountry "ESP"]
[Source "lmi"]
[SourceDate "2016.02.04"]

1. d4 Nf6 2. c4 g6 3. Nc3 Bg7 4. e4 d6 5. Nf3 O-O 6. Be2 Nbd7 7. O-O c5 8. d5
a6 9. Bg5 Rb8 10. Qd2 Nb6 11. a3 Bg4 12. Qd3 Bxf3 13. Bxf3 Nbd7 14. Be2 Ne8 15.
Qd2 Nc7 16. a4 Ne8 17. g3 Bd4 18. Kg2 Ng7 19. h4 f6 20. Bh6 f5 21. exf5 Rxf5
22. Bg4 Rf7 23. Be6 Ne5 24. Bxf7+ Nxf7 25. Be3 Bf6 26. Ne4 Qd7 27. Nxf6+ exf6
28. Rae1 Ne5 29. b3 f5 30. Bg5 Nh5 31. f4 Nf7 32. Re7 Qc8 33. Rfe1 h6 34. Rxf7
Kxf7 35. Re7+ Kg8 36. Bxh6 Qd8 37. Qe3 b6 38. Qe6+ Kh8 39. Bg5 Qg8 40. Bf6+ Ng7
41. Bxg7+ Kh7 42. Bf8+ Kh8 43. Qf6+ 1-0